000 00783nas a2200241Ia 4500
001 A10/R128-37493
003 IT-MiCISF
005 20260415150051.0
008 161014c99999999xx |||||||||||| ||und||
040 _aIT-MiCISF
_cIT-MiCISF
041 _ait
100 _aDe Rita Giuseppe (et al.)
_963621
245 0 _aTuning into diversity.
_bImmigrati e minoranze etniche nei media
250 _a"Censis. Note e commenti", n. 1-2, gennaio-febbraio
260 _c2003
300 _app. 3-162
500 _a massmedia, famiglia-migranti, televisione
650 _aMass-media
654 _arivista
700 _aCheli E., Manna E., Manacorda P.M., Caruso M.P., Scaramella C., Ferro V., Meli V., Klute E.,
_aHusband C., Terzian A.
_963622
942 _cCR
_2ddc
999 _c228755
_d228755
999 _bSi